00713nam a2200181 a 4500008004100000020001500041050001400056100001800070245004900088246005000137260003300187300002400220350000900244700002100253995011000274999001700384952013000401120416s0000 ||||||||||||||||| || u a0385021844 aE 806 Str aAaron, Daniel14aThe strenuous decadecedited by Daniel Aaron aa social and intellectual record of the 1930s aNew YorkbAnchor Booksc1970 axviii, 537p. : ill. a0.00 aBendiner, Robert D0.00FCBU-MAIN LIBRARY (Kitwe)H1I13.00M1UAVAILABLEWOct 10, 2006ZMain Library Open Access Collection c58637d58637 00102lcc4070a001b001cMain Library Open Access Collectiond2022-11-30l0oE 806 Strp001194r2022-11-30w2022-11-30y002